| 000 | 00678cab a2200217 4500 | ||
|---|---|---|---|
| 001 | WB3009-17 | ||
| 008 | 090401t1994 xxu||||| |||| 00| 0 eng d | ||
| 035 | _a(Sirsi) u29660 | ||
| 041 | _aeng | ||
| 245 | _aPower farms sail close to wind | ||
| 260 | _c1994 | ||
| 350 | _a0 | ||
| 490 |
_aIndependent _v26 February 1994, 6(1) |
||
| 520 | _aHighlights local opposition to plans to set up windfarms at St Breock in Cornwall and Flaight Hill, West Yorkshire. Map of existing windfarms. | ||
| 650 | _aALTERNATIVE ENERGY RESOURCES | ||
| 650 | _aTURBINES | ||
| 650 | _aWIND FARMS | ||
| 690 | _aENVIRONMENTAL AND LAND CONSULTANCY-ENERGY | ||
| 942 | _n0 | ||
| 948 | _c04/03/1997 | ||
| 999 |
_c19954 _d19954 |
||